Science Quiz

Random Science or Letter Quiz

Quick Pick: Real 'F' and 'G' Elements Quiz Stats

 Plays Quiz not verified by Sporcle

Challenge
Share
Tweet
Embed
Score 0/8 Timer 01:00
0 Plays Today
% Correct
fluorine
97.7%
gold
97.3%
francium
94.5%
gallium
94.2%
germanium
94.1%
fermium
88.6%
gadolinium
81.2%
flerovium
77.5%

You're not logged in!

Compare scores with friends on all Sporcle quizzes.
OR
Log In

You Might Also Like...

Show Comments

Extras

Top Quizzes Today


Score Distribution

Your Account Isn't Verified!

In order to create a playlist on Sporcle, you need to verify the email address you used during registration. Go to your Sporcle Settings to finish the process.

Report this User

Report this user for behavior that violates our Community Guidelines.

Details: